| 000 | 00580nam a22002057a 4500 | ||
|---|---|---|---|
| 003 | OSt | ||
| 005 | 20240624110039.0 | ||
| 008 | 240624b |||||||| |||| 00| 0 eng d | ||
| 020 | _a14310821 | ||
| 040 | _cmust | ||
| 082 | _a510 LYN 2001 | ||
| 100 |
_aLyndon,Roger C. _917648 |
||
| 245 |
_aCombinatorial group theory/ _cby Roger C. Lyndon and Paul E. Scchupp. |
||
| 260 |
_aBerlin: _bSpringer; _cc2001. |
||
| 300 |
_axiv,339p.: _c22cm. |
||
| 440 |
_aClassics in mathematics. _917649 |
||
| 504 | _aIncludes subject index | ||
| 700 |
_aSchupp,Paul E. _917650 |
||
| 942 |
_2z _cO_SHELF |
||
| 999 |
_c8730 _d8730 |
||